[Event "OS INCLIVEIS"]
[Site "http://www.queenalice.com/game.php?id=1195786"]
[Date "2013.6.30"]
[Round "-"]
[White "adelio"]
[Black "davidbarroso"]
[Result "0-1"]
[WhiteElo "1756"]
[BlackElo "2142"]

1. b4 c6 2. Bb2 a5 3. c3 Qb6 4. e3 axb4 5. Bc4 bxc3 6. Bxc3 d5 7. Bb3 Bf5 8. g4
Be4 9. f3 Bd3 10. h4 f6 11. Nh3 e5 12. f4 d4 13. Nf2 Bg6 14. h5 Bf7 15. Bxf7+
Kxf7 16. Ne4 dxc3 17. Nbxc3 exf4 18. g5 Nd7 19. Na4 Qb4 20. Qb3+ Qxb3 21. axb3
b5 22. g6+ Ke8 23. Rc1 bxa4 24. Rxc6 axb3 25. O-O hxg6 26. hxg6 b2 27. Nc3 Rh6
28. exf4 Rxg6+ 29. Kf2 Bc5+ 30. Kf3 Ra1 31. Re6+ Kf7 32. Ree1 Rxe1 33. Rxe1 Rg1
34. Ke2 Ne7 35. Rb1 Rxb1 36. Nxb1 g5 37. fxg5 fxg5 38. d3 g4 39. Nd2 Nd5 40. Nb1
Bd4 41. Nd2 Ne5 42. Nb1 Nb4 43. Kd2 g3 44. Nc3 g2 45. Ne2 Nf3+ 46. Kd1 b1=Q+ 47.
Nc1 Qc2# 0-1

[Event "Let's Play Chess!"]
[Site "http://www.queenalice.com/game.php?id=1197715"]
[Date "2013.7.15"]
[Round "-"]
[White "dnptrs"]
[Black "davidbarroso"]
[Result "0-1"]
[WhiteElo "2204"]
[BlackElo "2160"]

1. d4 d5 2. Nf3 Nf6 3. c4 c6 4. e3 e6 5. Nc3 Be7 6. Bd3 O-O 7. O-O Nbd7 8. Ne5
dxc4 9. Nxd7 Nxd7 10. Bxc4 e5 11. a4 a5 12. Bb3 exd4 13. exd4 Nf6 14. Qd3 Qb6
15. Bc2 Be6 16. Be3 Qb4 17. Rfd1 Bc4 18. Qd2 Rad8 19. b3 Be6 20. Ne2 Nd5 21. Qd3
g6 22. Nf4 Bf5 23. Nxd5 Rxd5 24. Qc4 Bxc2 25. Qxc2 Rfd8 26. Ra2 Bf6 27. Qc4 Bxd4
28. Qxb4 axb4 29. Rad2 Bxe3 30. Rxd5 Rxd5 31. Rxd5 Bxf2+ 32. Kxf2 cxd5 33. Ke3
Kg7 34. Kd4 f5 35. Kc5 Kf6 36. Kxb4 Ke5 37. Kc3 Ke4 38. b4 Ke3 0-1

[Event "AUTO-MASTER-1908"]
[Site "http://www.queenalice.com/game.php?id=1199985"]
[Date "2013.7.15"]
[Round "1"]
[White "GEMAN"]
[Black "davidbarroso"]
[Result "1-0"]
[WhiteElo "2296"]
[BlackElo "2189"]

1. d4 c5 2. d5 e6 3. c4 b5 4. cxb5 a6 5. e4 Nf6 6. Nc3 exd5 7. exd5 Bb7 8. d6
Qc8 9. Nf3 axb5 10. Qe2+ Kd8 11. Ne5 Bxd6 12. Nxf7+ Kc7 13. Nxb5+ Kb6 14. Nbxd6
Qc6 15. b4 Ba6 16. b5 Bxb5 17. Rb1 Na6 18. Nxh8 Qxd6 19. Qxb5+ Kc7 20. Qb7+ Kd8
21. Nf7+ 1-0

[Event "AUTO-MASTER-1908"]
[Site "http://www.queenalice.com/game.php?id=1199986"]
[Date "2013.7.15"]
[Round "1"]
[White "davidbarroso"]
[Black "GEMAN"]
[Result "0-1"]
[WhiteElo "2190"]
[BlackElo "2311"]

1. Nf3 Nf6 2. c4 g6 3. d4 Bg7 4. g3 O-O 5. Bg2 d6 6. O-O Nbd7 7. Nc3 e5 8. Qc2
c6 9. Rd1 Qe7 10. b3 Re8 11. Ba3 e4 12. Ng5 e3 13. f3 Nb6 14. Nge4 Bf5 15. Qc1
Bxe4 16. Nxe4 Nxe4 17. fxe4 Qe6 18. Qxe3 d5 19. cxd5 cxd5 20. Rac1 dxe4 21. Qf2
Nd5 22. e3 Bh6 23. Re1 Qa6 24. Rc5 Bxe3 25. Rxe3 Nxe3 26. Bb2 Qxa2 27. d5 Nd1
0-1

[Event "AUTO-MASTER-1908"]
[Site "http://www.queenalice.com/game.php?id=1200001"]
[Date "2013.7.15"]
[Round "1"]
[White "Poluco"]
[Black "davidbarroso"]
[Result "0-1"]
[WhiteElo "2122"]
[BlackElo "2180"]

1. Nf3 c5 2. c4 Nf6 3. Nc3 g6 4. g3 Bg7 5. Bg2 O-O 6. O-O d5 7. cxd5 Nxd5 8. Qb3
Nb6 9. d3 Nc6 10. Bg5 Be6 11. Qd1 f6 12. Bf4 Bf7 13. Qc1 Rc8 14. Bh6 Nd4 15.
Bxg7 Kxg7 16. Re1 e5 17. b3 Qd7 18. Qa3 Nc2 19. Qxa7 Nd5 20. Ne4 Nxe1 21. Nxe1
Ra8 22. Qxc5 Ra6 23. a4 Rc8 24. Qa3 Rac6 25. Nd2 R6c7 26. Nc4 Qe7 27. Qxe7 Nxe7
28. Nd6 Rc1 29. Rxc1 Rxc1 30. Kf1 Bxb3 31. Bxb7 Bxa4 32. Bg2 Bc6 33. Bh3 f5 34.
Nc4 Kf6 35. f3 Nd5 36. Kf2 Bb5 37. Nd2 Nc3 38. Nf1 Nd1+ 39. Kg1 Nb2 40. Kf2 Na4
41. Ne3 Nc3 42. Bf1 Nd1+ 43. Nxd1 Rxd1 44. h3 Rc1 45. Bg2 g5 46. Bf1 f4 47. g4
Ke6 48. Bg2 Kd5 49. Bf1 Kd4 50. Bg2 Kc3 51. Bf1 Kd2 52. Ng2 Ba4 53. h4 h6 54.
hxg5 hxg5 55. e3 Rxf1+ 56. Kxf1 fxe3 57. Ne1 Bb5 58. Ng2 Bxd3+ 59. Kg1 Be2 60.
Kh2 Bxf3 0-1

[Event "AUTO-MASTER-1908"]
[Site "http://www.queenalice.com/game.php?id=1200002"]
[Date "2013.7.15"]
[Round "1"]
[White "davidbarroso"]
[Black "Poluco"]
[Result "1-0"]
[WhiteElo "2172"]
[BlackElo "2204"]

1. c4 e5 2. Nc3 Nf6 3. g3 Be7 4. Bg2 O-O 5. d4 exd4 6. Qxd4 Nc6 7. Qd1 b6 8. Nf3
Bb7 9. O-O Re8 10. Bf4 d6 11. a3 Na5 12. b3 Rc8 13. Rb1 d5 14. Nd2 dxc4 15. b4
Bxg2 16. Kxg2 Nb7 17. Nxc4 Qxd1 18. Rfxd1 Red8 19. Nb5 a6 20. Na7 Rxd1 21. Rxd1
Ra8 22. Nc6 Bf8 23. Be5 a5 24. Bxf6 gxf6 25. Rd7 axb4 26. axb4 Rc8 27. Ne3 Nd6
28. Nd5 Ne8 29. Nde7+ Kg7 30. Nxc8 Nd6 31. Nxd6 Bxd6 32. b5 f5 33. Nd8 Kg6 34.
Nxf7 Kf6 35. Nxd6 Ke6 36. Rxc7 Kxd6 37. Rc6+ 1-0

[Event "AUTO-MASTER-1908"]
[Site "http://www.queenalice.com/game.php?id=1200011"]
[Date "2013.7.15"]
[Round "1"]
[White "KLEOJ"]
[Black "davidbarroso"]
[Result "0-1"]
[WhiteElo "2140"]
[BlackElo "2195"]

1. d4 Nf6 2. Nf3 d5 3. Bf4 Bf5 4. e3 c5 5. c3 e6 6. Bd3 Bg6 7. h3 Qb6 8. Bxg6
hxg6 9. Qb3 Nc6 10. Na3 Qxb3 11. axb3 cxd4 12. exd4 a6 13. b4 Rc8 14. O-O Ne4
15. b5 Na5 16. bxa6 bxa6 17. Nc2 Nc4 18. Rfb1 a5 19. Ne3 Ncd2 20. Nxd2 Nxd2 21.
Rd1 Nb3 22. Ra4 Be7 23. Nf1 O-O 24. Nd2 Nxd2 25. Bxd2 Bd8 26. Bf4 Bb6 27. Rda1
Rfd8 28. R1a3 Rd7 29. Rb3 Bd8 30. Kf1 g5 31. Bg3 Kh7 32. Rb5 Kg6 33. Ke2 Kh6 34.
Kd3 Kg6 35. b3 Rc6 36. Rb8 Bb6 37. f3 Kf5 38. Rg8 f6 39. Rb8 Ba7 40. Rb5 e5 41.
dxe5 fxe5 42. Raxa5 Bb6 43. Ra6 Rdd6 44. Ra8 Bd8 45. Ra4 Bb6 46. h4 gxh4 47.
Rxh4 g5 48. Rh8 Bd8 49. Re8 Bf6 50. Bf2 Kf4 51. Rb4+ e4+ 52. fxe4 Bxc3 53. exd5+
Bxb4 54. Re4+ Kf5 55. Rxb4 Rxd5+ 56. Rd4 Rb5 57. b4 Rc1 58. g4+ Ke6 59. Be3 Rd1+
60. Bd2 Rg1 61. Re4+ Kd5 62. Rd4+ Ke5 63. Re4+ Kd6 64. Kc4 Re5 65. Rd4+ Kc6 66.
Bc3 Rc1 67. Kd3 Kb5 68. Kd2 Rg1 69. Kc2 Rg2+ 70. Kb3 Rge2 71. Rc4 R2e4 72. Rc8
Re6 73. Rb8+ Rb6 74. Ra8 Rxg4 75. Ra5+ Kc6 76. Rf5 Rg3 77. Kc4 Rg4+ 78. Kb3 Kd7
79. Rf7+ Ke8 80. Rf5 Rg3 81. b5 g4 82. Kb4 Rg1 83. Rg5 Re6 84. Bd4 Re4 85. Kc5
Rd1 86. Be5 Kd7 87. Bg7 Rb1 88. Kb6 Rb3 89. Kb7 Reb4 90. Kb6 g3 91. Bf8 Rf4 92.
Bg7 Rf2 93. Kb7 g2 94. b6 Rb1 95. Bd4 Rd2 96. Bc5 Rc2 97. Rg7+ Ke6 98. Kc6 g1=Q
99. Rxg1 Rxg1 100. b7 Rb1 0-1

[Event "AUTO-MASTER-1908"]
[Site "http://www.queenalice.com/game.php?id=1200012"]
[Date "2013.7.15"]
[Round "1"]
[White "davidbarroso"]
[Black "KLEOJ"]
[Result "1-0"]
[WhiteElo "2185"]
[BlackElo "2167"]

1. e4 e6 2. d4 d5 3. f3 dxe4 4. Nc3 exf3 5. Nxf3 Nf6 6. Bc4 Be7 7. O-O O-O 8.
Bg5 Nbd7 9. Qe2 c6 10. Rad1 h6 11. Bh4 Nb6 12. Bd3 Nfd5 13. Bxe7 Qxe7 14. Ne5
Nxc3 15. bxc3 c5 16. Rf3 cxd4 17. cxd4 Qd6 18. Kh1 Nd5 19. c4 Nc3 20. Qc2 Nxd1
21. Bh7+ Kh8 22. Rxf7 Bd7 23. Qg6 Nf2+ 24. Kg1 Nh3+ 25. Kf1 Qxe5 26. dxe5 Rxf7+
27. Qxf7 Bc6 28. Bc2 Ng5 29. Qg6 Rf8+ 30. Ke1 Be8 31. Qd3 g6 32. h4 Nh7 33. Qd6
Bf7 34. h5 Kg7 35. hxg6 Bxg6 36. Bxg6 Kxg6 37. Qxe6+ Kg7 38. Qd7+ Rf7 39. e6 1-0

[Event "Challenge"]
[Site "http://www.queenalice.com/game.php?id=1202098"]
[Date "2013.7.23"]
[Round "-"]
[White "Zugswang"]
[Black "davidbarroso"]
[Result "0-1"]
[WhiteElo "2156"]
[BlackElo "2173"]

1. e4 c5 2. Nc3 Nc6 3. g3 g6 4. Bg2 Bg7 5. Nge2 d6 6. d3 Nf6 7. O-O O-O 8. h3
Ne8 9. g4 f5 10. g5 fxe4 11. dxe4 Nc7 12. f4 e6 13. Be3 Qe7 14. Qd2 Kh8 15. Rad1
d5 16. exd5 exd5 17. Bf2 d4 18. Ne4 Bxh3 19. Bxh3 Qxe4 20. Bg2 Qe6 21. a3 Rae8
22. Rde1 Qg4 23. Qd3 Ne6 24. Bg3 Nxg5 25. fxg5 Re3 26. Rxf8+ Bxf8 27. Qc4 Rxg3
28. Nxg3 Qxg3 29. Re8 Kg7 30. Qe6 Qxg5 31. Qd7+ Ne7 32. Qxb7 Qe3+ 33. Kh1 Qe1+
34. Kh2 Qe5+ 35. Kg1 Kf7 36. Qd7 Bh6 37. Ra8 Qe1+ 38. Bf1 Qg3+ 39. Kh1 Qf3+ 40.
Bg2 Qd1+ 41. Kh2 Bf4+ 0-1

[Event "Challenge"]
[Site "http://www.queenalice.com/game.php?id=1206677"]
[Date "2013.8.9"]
[Round "-"]
[White "eddval"]
[Black "davidbarroso"]
[Result "0-1"]
[WhiteElo "2171"]
[BlackElo "2207"]

1. e4 e5 2. Nf3 Nc6 3. d4 exd4 4. Nxd4 d6 5. Nxc6 bxc6 6. c4 Nf6 7. Nc3 Be7 8.
Be2 O-O 9. Bg5 Rb8 10. Qd2 h6 11. Bh4 Nxe4 12. Bxe7 Qxe7 13. Nxe4 Qxe4 14. O-O
Be6 15. b3 d5 16. Rac1 Qg6 17. Rfd1 Bf5 18. Bf3 Rbd8 19. Qa5 d4 20. Qxa7 d3 21.
Rd2 Rfe8 22. Qxc7 Qg5 23. Qa5 Qf6 24. Bxc6 Re5 25. Bd5 Rde8 26. h3 Re1+ 27. Rxe1
Rxe1+ 28. Kh2 Qe5+ 29. g3 Be4 30. Qd8+ Kh7 31. f3 Bxd5 0-1

[Event "AUTO-ELITE-1193"]
[Site "http://www.queenalice.com/game.php?id=1208915"]
[Date "2013.8.17"]
[Round "1"]
[White "davidbarroso"]
[Black "Try_Me"]
[Result "1-0"]
[WhiteElo "2182"]
[BlackElo "2212"]

1. d4 Nf6 2. c4 e6 3. a3 d5 4. Nf3 Be7 5. Bg5 Nbd7 6. Nbd2 c6 7. e3 O-O 8. Bd3
c5 9. O-O b6 10. Qc2 Bb7 11. Ne5 h6 12. Bh4 Nxe5 13. dxe5 Ng4 14. Bxe7 Qxe7 15.
Nf3 dxc4 16. Bh7+ Kh8 17. Be4 Bxe4 18. Qxe4 f5 19. exf6 Nxf6 20. Qxc4 Nd5 21.
Ne5 Qe8 22. Rad1 Rf5 23. Nf3 Rf8 24. Rd2 Qg6 25. Ne5 Qh5 26. Qe4 Qf5 27. Ng6+
Kg8 28. Qxf5 Rxf5 29. e4 Rf6 30. Ne5 Nf4 31. Rfd1 Ng6 32. Nc6 Rf4 33. f3 Rf7 34.
Rd6 Nf8 35. Kf2 Rf6 36. Ke3 Ng6 37. e5 Rf7 38. Rxe6 Nf4 39. Re7 Nxg2+ 40. Kf2
Nf4 41. Kg3 Ne2+ 42. Kf2 Nd4 43. Rxf7 Kxf7 44. Nxd4 cxd4 45. Rxd4 Ke6 46. f4 Rc8
47. Kf3 1-0

[Event "AUTO-ELITE-1193"]
[Site "http://www.queenalice.com/game.php?id=1208916"]
[Date "2013.8.17"]
[Round "1"]
[White "Try_Me"]
[Black "davidbarroso"]
[Result "1-0"]
[WhiteElo "2270"]
[BlackElo "2211"]

1. d4 Nf6 2. c4 e6 3. Nf3 Bb4+ 4. Nbd2 d5 5. Qa4+ Nc6 6. a3 Be7 7. e3 O-O 8. Bd3
Bd6 9. c5 Be7 10. b4 e5 11. dxe5 Ng4 12. Bb2 f6 13. e6 Bxe6 14. Qc2 f5 15. h3
Nh6 16. O-O Bf6 17. b5 Bxb2 18. Qxb2 Na5 19. Nd4 Qf6 20. Qc3 b6 21. cxb6 cxb6
22. Qc7 Rf7 23. Qd6 Re8 24. Rfc1 f4 25. Nxe6 fxe3 26. fxe3 Nc4 27. Nxc4 dxc4 28.
Bxc4 Rc8 29. Bd5 Rc5 30. Qb8+ 1-0

[Event "AUTO-ELITE-1193"]
[Site "http://www.queenalice.com/game.php?id=1208917"]
[Date "2013.8.17"]
[Round "1"]
[White "davidbarroso"]
[Black "leoarthur"]
[Result "1-0"]
[WhiteElo "2205"]
[BlackElo "2204"]

1. Nf3 Nc6 2. d4 d5 3. e3 Bg4 4. c4 e6 5. Nc3 Nf6 6. cxd5 exd5 7. Bb5 Qd7 8. h3
Bh5 9. g4 Bg6 10. Ne5 Qe6 11. Qa4 Nd7 12. Nxc6 Nb6 13. Ne5+ c6 14. Qb3 cxb5 15.
Qxb5+ Kd8 16. Bd2 f6 17. Nxg6 hxg6 18. a4 Qc6 19. Qd3 g5 20. b3 Bd6 21. Nb5 Ke7
22. Rc1 Qd7 23. Qg6 Kf8 24. Ke2 Rh6 25. Qd3 a6 26. Nxd6 Qxd6 27. Rc5 Nd7 28. Bb4
Kf7 29. Rc8 Qxb4 30. Rxa8 Nb6 31. Rb8 Qe7 32. Rc1 Rxh3 33. a5 1-0

[Event "AUTO-ELITE-1193"]
[Site "http://www.queenalice.com/game.php?id=1208918"]
[Date "2013.8.17"]
[Round "1"]
[White "leoarthur"]
[Black "davidbarroso"]
[Result "1-0"]
[WhiteElo "2192"]
[BlackElo "2201"]

1. e4 c5 2. Nf3 d6 3. d4 cxd4 4. Qxd4 Bd7 5. Be3 Nc6 6. Qd2 g6 7. Nc3 Bg7 8. a3
Rc8 9. Bd3 Nf6 10. Bh6 Bxh6 11. Qxh6 Bg4 12. Ng5 Ne5 13. h3 Qb6 14. Nd5 Nxd5 15.
exd5 Qxb2 16. O-O Nxd3 17. cxd3 Be2 18. Rab1 Qd4 19. Rfe1 Rc2 20. Rxb7 Kd8 21.
Nxf7+ Kc8 22. Reb1 Bxd3 23. Rb8+ Kd7 24. R1b7+ Rc7 25. Rxc7+ Kxc7 26. Rxh8 1-0

[Event "Challenge"]
[Site "http://www.queenalice.com/game.php?id=1211633"]
[Date "2013.8.26"]
[Round "-"]
[White "Zugswang"]
[Black "davidbarroso"]
[Result "1-0"]
[WhiteElo "2190"]
[BlackElo "2224"]

1. e4 e5 2. f4 d6 3. Bc4 Nf6 4. Nc3 Be7 5. d3 c6 6. fxe5 dxe5 7. Nf3 Bg4 8. h3
Bxf3 9. Qxf3 a5 10. a4 Na6 11. Be3 Nb4 12. Rc1 O-O 13. O-O Qd7 14. g4 Bd6 15. g5
Ne8 16. Kh2 Nc7 17. Ne2 b5 18. Bb3 Ncd5 19. Kh1 Nxe3 20. Qxe3 Bb8 21. Kh2 Kh8
22. Ng3 g6 23. Rf6 Ra7 24. Rcf1 Qe8 25. c3 Na6 26. Qf2 Kg7 27. Nf5+ gxf5 28. Qh4
1-0

[Event "AUTO-ELITE-1216"]
[Site "http://www.queenalice.com/game.php?id=1222093"]
[Date "2013.10.4"]
[Round "1"]
[White "cynnara"]
[Black "davidbarroso"]
[Result "1-0"]
[WhiteElo "2584"]
[BlackElo "2218"]

1. e4 e5 2. Nf3 Nc6 3. Bb5 Nf6 4. Nc3 d6 5. d4 exd4 6. Nxd4 Bd7 7. O-O Be7 8.
Be2 O-O 9. Bf4 Re8 10. Re1 Bf8 11. Bf1 g6 12. Nf3 Bg7 13. h3 a5 14. Qd2 a4 15.
Bg5 a3 16. b3 Qc8 17. Rad1 Be6 18. Nd5 Bxd5 19. exd5 Ne5 20. Nxe5 Rxe5 21. Rxe5
dxe5 22. Re1 Ne8 23. c4 b6 24. c5 bxc5 25. Qc1 Bf8 26. Qc3 Bd6 27. Bb5 Qf5 28.
Bc1 Qb1 29. Bd3 1-0

[Event "AUTO-ELITE-1216"]
[Site "http://www.queenalice.com/game.php?id=1222094"]
[Date "2013.10.4"]
[Round "1"]
[White "davidbarroso"]
[Black "cynnara"]
[Result "0-1"]
[WhiteElo "2217"]
[BlackElo "2578"]

1. d4 d5 2. Nf3 Nf6 3. g3 Nc6 4. Bg2 g6 5. O-O Bg7 6. c4 dxc4 7. Na3 O-O 8. Nxc4
Bf5 9. Bg5 Be4 10. e3 Nd5 11. h4 h6 12. Bf4 e6 13. Ne1 Bxg2 14. Nxg2 g5 15. hxg5
hxg5 16. Be5 f6 17. Qg4 Qe7 18. e4 Nb6 19. Nxb6 axb6 20. Bf4 gxf4 21. Nxf4 f5
22. Qh3 Nxd4 23. Kg2 Qg5 24. Rad1 e5 25. Rh1 exf4 26. Qh7+ Kf7 27. Rxd4 f3+ 28.
Kxf3 Rh8 29. Rd7+ Ke6 0-1

[Event "AUTO-ELITE-1216"]
[Site "http://www.queenalice.com/game.php?id=1222097"]
[Date "2013.10.4"]
[Round "1"]
[White "PhiVer"]
[Black "davidbarroso"]
[Result "1-0"]
[WhiteElo "2527"]
[BlackElo "2217"]

1. e4 e5 2. Nf3 Nc6 3. d4 exd4 4. c3 d5 5. exd5 Qxd5 6. cxd4 Bb4+ 7. Nc3 Nf6 8.
Be2 O-O 9. O-O Bxc3 10. bxc3 Bg4 11. h3 Bxf3 12. Bxf3 Qc4 13. Qb3 Qa6 14. Bg5
Nd7 15. Bf4 Na5 16. Qa3 c6 17. Bd6 Rfe8 18. Bb4 Nc4 19. Qxa6 bxa6 20. Bxc6 Rad8
21. Rfe1 Rxe1+ 22. Rxe1 Ndb6 23. Re7 Nc8 24. Rb7 g6 25. Rb8 Kg7 26. Bb7 N4b6 27.
Bxa6 1-0

[Event "AUTO-ELITE-1216"]
[Site "http://www.queenalice.com/game.php?id=1222098"]
[Date "2013.10.4"]
[Round "1"]
[White "davidbarroso"]
[Black "PhiVer"]
[Result "0-1"]
[WhiteElo "2214"]
[BlackElo "2535"]

1. c4 Nf6 2. Nf3 c5 3. Nc3 e6 4. d4 cxd4 5. Nxd4 Nc6 6. e4 Bb4 7. Nxc6 bxc6 8.
f3 d5 9. cxd5 exd5 10. Qa4 Qb6 11. Bd2 O-O 12. a3 Bd6 13. O-O-O Rb8 14. b4 d4
15. Bg5 a5 16. Qc2 axb4 17. axb4 Qxb4 18. Nb1 Qa5 0-1

[Event "Los Cuervos"]
[Site "http://www.queenalice.com/game.php?id=1224457"]
[Date "2013.10.13"]
[Round "4"]
[White "davidbarroso"]
[Black "RAMIROCHE"]
[Result "1-0"]
[WhiteElo "2216"]
[BlackElo "1895"]

1. e4 e5 2. Nf3 Nc6 3. Bb5 a6 4. Ba4 d6 5. c3 Nf6 6. h3 g6 7. O-O Bg7 8. Re1 O-O
9. d4 b5 10. Bc2 Bb7 11. a4 exd4 12. cxd4 Re8 13. Na3 b4 14. Nc4 a5 15. b3 Re7
16. Bb2 Qd7 17. d5 Nd8 18. Bd3 h6 19. Rc1 Nh7 20. Nd4 c5 21. Nb5 Bxb2 22. Nxb2
Kg7 23. Nc4 Ba6 24. Nbxd6 Bxc4 25. Nxc4 f6 26. Nb6 Qb7 27. Nxa8 Qxa8 28. Rxc5
Nb7 29. Rc6 Nd8 30. Ra6 Qb8 31. Qc1 Ng5 32. Qc5 Rc7 33. Qxa5 Rc3 34. Bc4 Nf3+
35. gxf3 Rxf3 36. Ra7+ Kh8 37. Ra8 1-0

[Event "Challenge"]
[Site "http://www.queenalice.com/game.php?id=1225254"]
[Date "2013.10.17"]
[Round "-"]
[White "davidbarroso"]
[Black "PROFILER"]
[Result "0-1"]
[WhiteElo "2208"]
[BlackElo "2288"]

1. Nf3 Nf6 2. c4 g6 3. d4 Bg7 4. g3 O-O 5. Bg2 d6 6. O-O Nbd7 7. Nc3 e5 8. Qc2
Re8 9. Rd1 c6 10. b3 Qe7 11. Ba3 e4 12. Ng5 e3 13. f3 Nf8 14. Rac1 Bf5 15. Nge4
Rad8 16. Qd3 Bh6 17. Nxf6+ Qxf6 18. Ne4 Bxe4 19. fxe4 c5 20. Bb2 Ne6 21. Ba1
Nxd4 22. Rf1 Qe5 23. Rcd1 Bg7 24. Qxe3 Qe6 25. Qf2 Be5 26. Bxd4 Bxd4 27. e3 Be5
28. Qf3 Kg7 29. g4 Qe7 30. Rd2 Rh8 31. Rdf2 Rdf8 32. Bh3 h5 33. Rg2 hxg4 34.
Bxg4 a6 35. Qe2 Qh4 36. h3 Rb8 37. Qd2 Qd8 38. Qd5 Rf8 0-1

[Event "Challenge"]
[Site "http://www.queenalice.com/game.php?id=1225255"]
[Date "2013.10.17"]
[Round "-"]
[White "PROFILER"]
[Black "davidbarroso"]
[Result "1-0"]
[WhiteElo "2323"]
[BlackElo "2226"]

1. e4 c5 2. Nf3 d6 3. d4 cxd4 4. Nxd4 Nf6 5. Nc3 a6 6. f3 g6 7. Be3 Bg7 8. Qd2
Nc6 9. O-O-O Qc7 10. g4 Bd7 11. g5 Nh5 12. Nd5 Qd8 13. Nxc6 bxc6 14. Bb6 Rb8 15.
Qa5 Rxb6 16. Nxb6 O-O 17. Qxa6 Qb8 18. c3 Be6 19. Bc4 Bh3 20. a4 Bg2 21. Nd7 Qd8
22. Nxf8 Bxf3 23. Nxg6 Bxh1 24. Rxh1 d5 25. exd5 cxd5 26. Rd1 e6 27. Qc8 1-0

[Event "Challenge"]
[Site "http://www.queenalice.com/game.php?id=1231724"]
[Date "2013.11.11"]
[Round "-"]
[White "jpribeiro"]
[Black "davidbarroso"]
[Result "0-1"]
[WhiteElo "1956"]
[BlackElo "2212"]

1. d4 d5 2. c4 c6 3. cxd5 Nf6 4. dxc6 Nxc6 5. Nf3 Bg4 6. Be3 e6 7. a3 Be7 8.
Nbd2 O-O 9. h3 Bh5 10. g4 Bg6 11. Ne5 Nxe5 12. dxe5 Nd5 13. Bd4 Nb4 14. axb4
Qxd4 15. e3 Qxb2 16. Qc1 Qxe5 17. Nf3 Bxb4+ 18. Nd2 Bxd2+ 0-1

[Event "Challenge"]
[Site "http://www.queenalice.com/game.php?id=1235521"]
[Date "2013.11.26"]
[Round "-"]
[White "davidbarroso"]
[Black "KLEOJ"]
[Result "1-0"]
[WhiteElo "2216"]
[BlackElo "2159"]

1. e4 e6 2. d4 d5 3. exd5 exd5 4. c4 c6 5. Nf3 Nf6 6. Bd3 Be7 7. O-O Bg4 8. Re1
O-O 9. Be3 Ne4 10. h3 Bh5 11. cxd5 cxd5 12. Nbd2 f5 13. Qb3 Nxd2 14. Nxd2 Be8
15. Bf4 Bc6 16. Rac1 Nd7 17. Bb5 Rc8 18. Bxc6 bxc6 19. Rxc6 Nf6 20. Rxc8 Qxc8
21. Rxe7 Nh5 22. Qxd5+ Kh8 23. Be5 Rd8 24. Qf7 1-0

[Event "Los Cuervos"]
[Site "http://www.queenalice.com/game.php?id=1267385"]
[Date "2014.3.22"]
[Round "5"]
[White "davidbarroso"]
[Black "tucot"]
[Result "0-1"]
[WhiteElo "2217"]
[BlackElo "2314"]

1. Nf3 Nf6 2. d4 g6 3. g3 c5 4. Bg2 cxd4 5. Nxd4 d5 6. O-O Bg7 7. c4 e5 8. Nc2
d4 9. f4 Nbd7 10. fxe5 Nxe5 11. Nxd4 O-O 12. b3 Qb6 13. Bb2 Nxc4 14. bxc4 Qxb2
15. Nb3 Be6 16. N1d2 Ng4 17. Rf4 Rad8 18. Qc1 Rxd2 19. Qxd2 Qxd2 20. Nxd2 Bxa1
21. Bxb7 Rd8 22. Nb3 Rd1+ 23. Rf1 Rxf1+ 24. Kxf1 Be5 25. c5 Bxb3 26. axb3 Nxh2+
27. Kg2 Ng4 28. Kf3 h5 29. b4 Kg7 30. Bc8 f5 31. b5 Kf6 32. e4 Bd4 33. exf5 gxf5
34. c6 Ne5+ 35. Kg2 Bb6 36. Kh2 Kg5 37. Kh3 Bc7 38. Be6 Nf3 39. Bc4 Nd2 40. Bd3
Ne4 0-1